| 000 | 01084nam a2200253 a 4500 | ||
|---|---|---|---|
| 001 | 44444 | ||
| 003 | BD-RjUL | ||
| 005 | 20211209053847.0 | ||
| 008 | 160717s1977 ii ||||| |||| 00| 0 ben d | ||
| 020 | _c: Tk.25.00 | ||
| 035 | _a(BD-RjUL)44562 | ||
| 040 |
_aBD-RjUL _bben _cBD-RjUL _dBD-RjUL |
||
| 041 | _aben | ||
| 082 |
_223 _a330.9 _bCHO 1977 |
||
| 100 |
_aচক্রবর্তী, শ্রীলোকেশ _9136408 |
||
| 245 | 1 | 0 |
_aঅর্থনৈতিক ভূগোল = [Economices Resources & utilisation] / _cশ্রীলোকেশ চক্রবর্তী |
| 250 | _aপরিমার্জিত সং. | ||
| 260 |
_aকলিকাতা : _bএস্ ব্যানার্জি এণ্ড কোঃ, _c১৯৭৭ |
||
| 300 |
_a ১ম ও ২য় খন্ড : _bচিত্র ; _c২১ সেমি. |
||
| 505 | _a ১ম ও ২য় খন্ড | ||
| 650 |
_aঅর্থনৈতিক পরিস্থিতি ও পরিবেশ _9136409 |
||
| 650 |
_aEconomic Situation and Conditions _9119667 |
||
| 942 |
_2ddc _cBK |
||
| 999 |
_c44444 _d44444 |
||